000 00851nam a2200181Ia 4500
008 100921s9999 xx 000 0 und d
082 _b29322
_a808.2 थ 97
100 _aदेशपांडे शशीकांत.
245 _aअत्र्यंाची करूण गंभीर नाटके.
260 _bप्रतिमा प्रकाशन,पुणे.
_c1997
300 _a214
_bरसिक साहित्य,पुणे
365 _b135
520 _aललित-नाटकशास्त्र,समीक्षा.
630 _aअत्र्यंाची करूण गंभीर नाटके.
650 _aललित-नाटकशास्त्र,समीक्षा.
730 _aअत्र्यंाची करूण गंभीर नाटके.
942 _cBOOK
999 _c778435
_d778432